| 000 | 00442nam a2200181Ia 4500 | ||
|---|---|---|---|
| 001 | 12712 | ||
| 005 | 20260306163001.0 | ||
| 008 | 260306t1974||||xx |||||||||||||| ||spa|| | ||
| 041 | _aESP | ||
| 082 |
_aHR 720 _bN° 176 AA |
||
| 100 |
_aBonnet, Denis, _eAUT |
||
| 245 | 0 |
_aAA : _bl'architecture d'aujourd'hui |
|
| 260 | _c1974 | ||
| 300 |
_axcviii, 140 páginas : _c31 cm. |
||
| 650 | _aGEN | ||
| 654 | _aCAU | ||
| 942 |
_cREV _dJUS _fJUS _2ddc _n |
||
| 999 |
_c12712 _d12712 |
||